Social marketing: Behaviour change for good (Record no. 393241)

MARC details
000 -LEADER
fixed length control field 00627 a2200241 4500
005 - DATE & TIME
control field 20260116154931.0
008 - FIXED-LENGTH DATA ELEMENTS--GENERAL INFORMATION
fixed length control field 260114b |||||||| |||| 00| 0 eng d
020 ## - ISBN
International Standard Book Number 9781071851647
Price $ 183.00
040 ## - CATALOGING SOURCE
Original cataloging agency VIVEKANANDA LIBRARY
082 ## - DDC NUMBER
Classification number 658.8
Book Number L514S(7)
100 ## - MAIN ENTRY--PERSONAL NAME
Personal name Lee, Nancy R
110 ## - MAIN ENTRY--CORPORATE NAME
Corporate name Lee, Nancy R
245 ## - TITLE STATEMENT
Title Social marketing: Behaviour change for good
250 ## - EDITION STATEMENT
Edition statement 7th
260 ## - PUBLICATION, DISTRIBUTION, ETC. (IMPRINT)
Name of publisher, distributor, etc Sage publications
Place of publication, distribution, etc New Delhi
Date of publication, distribution, etc 2024
300 ## - PHYSICAL DESCRIPTION
Pages xxiv, 545
650 ## - Subject
Subject Marketing
650 ## - Subject
Subject Social Marketing
650 ## - Subject
Subject Management Behavier
700 ## - Added Entry Personal Name
Added Entry Personal Name Kotler, Philip
700 ## - Added Entry Personal Name
Added Entry Personal Name Colehour, Julie
942 ## - ADDED ENTRY ELEMENTS (KOHA)
Koha item type Books
Holdings
Withdrawn status Lost status Source of classification or shelving scheme Damaged status Not for loan Location (home branch) Sublocation or collection (holding branch) Shelving location Date acquired Koha issues (times borrowed) Koha full call number Accession No. Koha date last seen Koha item type
    Dewey Decimal Classification     VIVEKANANDA LIBRARY VIVEKANANDA LIBRARY Vivekananda Library 08/10/2025   658.8 L514S(7) 443287 08/10/2025 Books
    Dewey Decimal Classification     VIVEKANANDA LIBRARY VIVEKANANDA LIBRARY Vivekananda Library 08/10/2025   658.8 L514S(7) 443288 08/10/2025 Books
© Designed and Maintained by Vivekananda Library, MDU Rohtak